00429 a2200169 450000100060000002000150000604000220002110000210004324000180006424500160008230000080009836200090010665000110011594200070012695201090013399900170024265370 a8573590807 cAnchieta - Pituba aGambini, Roberto10aOutros 500 l10aOutros 500  a2280 a1999 4aBrasil cBK 00104070a91.1b91.1d2023-11-21l0o981 D541o DIA OUTp20078/PITr2023-11-21 18:33:46w2023-11-21yBK c65370d65370